Gramática descriptiva de la lengua española.
Guardat en:
| Autor corporatiu: | |
|---|---|
| Format: | Llibre |
| Publicat: |
Madrid, España:
Espasa-Calpe,
1999.
|
| Edició: | Primera edición |
| Col·lecció: | Colección Nebrija y Bello
|
| Matèries: | |
| Etiquetes: |
Afegir etiqueta
Sense etiquetes, Sigues el primer a etiquetar aquest registre!
|
MARC
| LEADER | 00000cam a2200000 a 4500 | ||
|---|---|---|---|
| 001 | UCO2406 | ||
| 003 | CL-VaPUC | ||
| 005 | 20240916145816.0 | ||
| 008 | 240916t1999 ||||| |||| 00| 0 eng d | ||
| 999 | |c 288918 |d 288916 | ||
| 020 | |a 84-239-7917-2 (o.c) | ||
| 020 | |a 84-239-7918-0 (v.1) | ||
| 020 | |a 84-239-7919-9 (v.2) | ||
| 020 | |a 84-239-7920-2 (v.3) | ||
| 040 | |c Pontificia Universidad Católica de Valparaíso | ||
| 082 | 0 | 4 | |a 465 REA 1999 |2 21 |
| 110 | 2 | |a Real Academia Española |e autor |9 445548 | |
| 245 | 1 | 0 | |a Gramática descriptiva de la lengua española. |
| 250 | |a Primera edición | ||
| 260 | |a Madrid, España: |b Espasa-Calpe, |c 1999. | ||
| 300 | |a 3 v | ||
| 490 | 0 | |a Colección Nebrija y Bello | |
| 500 | |a c.5 v.1. Donación ELE. 9-09-2024 c.4 v.2. Donación ELE. 9-09-2024 c.4 v.3. Donación ELE. 9-09-2024 | ||
| 505 | |a v.1: Sintaxis básica de las clases de palabras v.2: Las construcciones sintácticas fundamentales. Relaciones temporales, aspectuales y modales v.3: Entre la oración y el discurso | ||
| 583 | |a last modification |c 20131007 06:04:06 |k Rodrigo Vera | ||
| 650 | 0 | |a Español |9 255372 | |
| 650 | 0 | |a Gramática |9 270497 | |
| 942 | |c BK |2 ddc | ||
| 945 | |d 20000602 00:00:00 |a rbrito | ||
| 952 | |0 0 |1 0 |4 0 |6 465_000000000000000_REA_1999 |7 0 |8 A |9 336896 |a FDOPOS |b FDOPOS |d 2019-11-20 |h v.1 |i 362661K |o 465 REA 1999 |p 362661K |r 2025-01-22 |w 2019-11-20 |y BK |k MLA | ||
| 952 | |0 0 |1 0 |4 0 |6 465_000000000000000_REA_1999 |7 0 |8 A |9 336897 |a FDOPOS |b FDOPOS |d 2019-11-20 |h v.2 |i 3626628 |o 465 REA 1999 |p 3626628 |r 2025-01-22 |w 2019-11-20 |y BK |k MLA | ||
| 952 | |0 0 |1 0 |4 0 |6 465_000000000000000_REA_1999 |7 0 |8 A |9 336898 |a FDOPOS |b BIBEDU |d 2019-11-20 |h v.3 |i 3626636 |l 1 |o 465 REA 1999 |p 3626636 |r 2025-01-22 |s 2022-04-18 |w 2019-11-20 |y BK |k MLA | ||
| 952 | |0 0 |1 0 |4 0 |6 465_000000000000000_REA_1999 |7 0 |8 A |9 336899 |a FDOPOS |b FDOPOS |d 2019-11-20 |h v.1 |i 4316231 |o 465 REA 1999 |p 4316231 |r 2025-01-22 |w 2019-11-20 |y BK |k MLA | ||
| 952 | |0 0 |1 0 |4 0 |6 465_000000000000000_REA_1999 |7 0 |8 A |9 336900 |a FDOPOS |b FDOPOS |d 2019-11-20 |h v.2 |i 4316215 |o 465 REA 1999 |p 4316215 |r 2025-01-22 |w 2019-11-20 |y BK |k MLA | ||
| 952 | |0 0 |1 0 |4 0 |6 465_000000000000000_REA_1999 |7 0 |8 A |9 336901 |a FDOPOS |b FDOPOS |d 2019-11-20 |h v.3 |i 4316223 |o 465 REA 1999 |p 4316223 |r 2025-01-22 |w 2019-11-20 |y BK |k MLA | ||
| 952 | |0 0 |1 0 |4 0 |6 465_000000000000000_REA_1999 |7 0 |8 A |9 336902 |a FDOPOS |b FDOPOS |d 2019-11-20 |h v.1 |i 3763234 |o 465 REA 1999 |p 3763234 |r 2025-01-22 |w 2019-11-20 |y BK |k MLA | ||
| 952 | |0 0 |1 0 |3 erd |4 0 |6 465_000000000000000_REA_1999 |7 0 |8 R |9 336903 |a BIBEDU |b BIBEDU |c MCIRC |d 2019-11-20 |h v.1 |i 5017769 |l 8 |o 465 REA 1999 |p 5017769 |r 2023-07-13 |s 2023-07-04 |w 2019-11-20 |y BK_R |z Catalogado en:20131011 |k LIT | ||
| 952 | |0 0 |1 0 |3 erd |4 0 |6 465_000000000000000_REA_1999 |7 0 |8 R |9 336904 |a BIBEDU |b BIBEDU |c MCIRC |d 2019-11-20 |h v.2 |i 5017777 |l 3 |o 465 REA 1999 |p 5017777 |r 2023-01-13 |s 2022-12-09 |w 2019-11-20 |y BK_R |z Catalogado en:20131011 |k LIT | ||
| 952 | |0 0 |1 0 |3 erd |4 0 |6 465_000000000000000_REA_1999 |7 0 |8 R |9 336905 |a BIBEDU |b BIBEDU |c MCIRC |d 2019-11-20 |h v.3 |i 5017785 |l 1 |o 465 REA 1999 |p 5017785 |r 2023-01-13 |s 2022-12-09 |w 2019-11-20 |y BK_R |z Catalogado en:20131011 |k LIT | ||
| 952 | |0 0 |1 0 |2 ddc |4 0 |6 465_000000000000000_REA_1999 |7 0 |8 A |9 596828 |a BIBGIM |b BIBGIM |d 2024-09-16 |e Donación |h v.1 |i 5662703 |o 465 REA 1999 |p 5662703 |r 2025-01-15 |t 5 |w 2024-09-16 |y BK |k ELE | ||
| 952 | |0 0 |1 0 |2 ddc |4 0 |6 465_000000000000000_REA_1999 |7 0 |8 A |9 596829 |a BIBGIM |b BIBGIM |d 2024-09-16 |e Donación |h v.2 |i 5662704 |o 465 REA 1999 |p 5662704 |r 2025-01-15 |t 4 |w 2024-09-16 |y BK |k ELE | ||
| 952 | |0 0 |1 0 |2 ddc |4 0 |6 465_000000000000000_REA_1999 |7 0 |8 A |9 596830 |a BIBGIM |b BIBGIM |d 2024-09-16 |e Donación |h v.3 |i 5662705 |o 465 REA 1999 |p 5662705 |r 2025-01-15 |t 4 |w 2024-09-16 |y BK |k ELE | ||